[Event "SLO-chT 31st"]
[Site "Ljubljana"]
[Date "2021.09.18"]
[Round "5.2"]
[White "Stevanic, David"]
[Black "Drnovsek, Gal"]
[Result "1/2-1/2"]
[WhiteElo "2300"]
[BlackElo "2387"]
[PlyCount "146"]
[EventDate "2021.09.10"]
[EventType "team-tourn"]
[EventRounds "9"]
[EventCountry "SLO"]
[SourceTitle "CBM 204 Extra"]
[Source "ChessBase"]
[SourceDate "2021.11.30"]
[SourceVersion "1"]
[SourceVersionDate "2021.11.30"]
[SourceQuality "1"]
[WhiteTeam "Kocevje Inotherm"]
[BlackTeam "Kranj Tomo Zupan"]
[WhiteTeamCountry "SLO"]
[BlackTeamCountry "SLO"]

1. e4 c5 2. c3 Nf6 3. e5 Nd5 4. Bc4 Nb6 5. Bb3 d5 6. exd6 Qxd6 7. Nf3 g6 8. d4 cxd4 9. Nxd4 Bg7 10. Be3 0-0 11. Qd2 Nc6 12. Nxc6 Qxc6 13. 0-0 Bf5 14. Rd1 Nc4 15. Bxc4 Qxc4 16. Na3 Qa4 17. Bh6 Bxh6 18. Qxh6 Rfd8 19. Rd2 e5 20. h3 Rd3 21. Rxd3 Bxd3 22. Qe3 e4 23. Qc5 b6 24. Qd5 Qa5 25. Qc6 Rd8 26. Nc4 Qg5 27. Rd1 Kg7 28. Qc7 Qd5 29. Ne3 Qd7 30. Qf4 Qe6 31. f3 exf3 32. Qxf3 Be4 33. Qe2 Re8 34. Nc4 Bd5 35. Qxe6 Bxe6 36. Rd4 Rc8 37. Nd6 Rc6 38. a3 Kf6 39. Ne4+ Ke5 40. Ng5 h6 41. Nf3+ Kf6 42. Kf2 Ke7 43. Ke3 Rc5 44. Kd3 f5 45. b4 Rc7 46. h4 Kf6 47. c4 g5 48. hxg5+ hxg5 49. Rd6 Ke7 50. Rd4 g4 51. Nd2 Kf6 52. Kc3 Ke5 53. g3 Rh7 54. c5 Rh3 55. Rd3 bxc5 56. bxc5 f4 57. Nc4+ Kf6 58. c6 fxg3 59. Ne3 Ke5 60. Ng2 Rh1 61. Kd2 Rh2 62. Rxg3 Kd6 63. Ke1 Kxc6 64. Rc3+ Kd5 65. Nf4+ Kd4 66. Rg3 Bf5 67. Ne2+ Ke5 68. Rc3 Be4 69. Rc5+ Kd6 70. Rg5 Bf3 71. Nd4 Ra2 72. Nxf3 gxf3 73. Ra5 Kc6 1/2-1/2

[Event "SLO-chT 31st"]
[Site "Ljubljana"]
[Date "2021.09.17"]
[Round "4.4"]
[White "Justin, Matjaz"]
[Black "Stevanic, David"]
[Result "0-1"]
[WhiteElo "2261"]
[BlackElo "2300"]
[PlyCount "42"]
[EventDate "2021.09.10"]
[EventType "team-tourn"]
[EventRounds "9"]
[EventCountry "SLO"]
[SourceTitle "CBM 204 Extra"]
[Source "ChessBase"]
[SourceDate "2021.11.30"]
[SourceVersion "1"]
[SourceVersionDate "2021.11.30"]
[SourceQuality "1"]
[WhiteTeam "Vrhnika"]
[BlackTeam "Kocevje Inotherm"]
[WhiteTeamCountry "SLO"]
[BlackTeamCountry "SLO"]

1. e4 e5 2. Nf3 Nc6 3. Bb5 a6 4. Ba4 Nf6 5. 0-0 Be7 6. Re1 b5 7. Bb3 0-0 8. h3 Bb7 9. d3 d5 10. exd5 Nxd5 11. Nxe5 Nxe5 12. Rxe5 Qd6 13. Re1 Rae8 14. Nd2 c5 15. a4 Bd8 16. axb5 Bc7 17. Nf1 axb5 18. Ra7 Bc6 19. Ra6 Nb4 20. Rxe8 Rxe8 21. Ra1 c4 0-1

[Event "EU-ch Online U18"]
[Site "Tornelo INT"]
[Date "2020.09.20"]
[Round "8"]
[White "Seo, Jung Min"]
[Black "Stevanic, David"]
[Result "1-0"]
[WhiteElo "2455"]
[BlackElo "2337"]
[PlyCount "146"]
[EventDate "2020.09.18"]
[EventType "swiss (rapid)"]
[EventRounds "9"]
[EventCountry "ENG"]
[SourceTitle "CBM 198 Extra"]
[Source "ChessBase"]
[SourceDate "2020.11.30"]
[SourceVersion "1"]
[SourceVersionDate "2020.11.30"]
[SourceQuality "1"]

1. c4 e5 2. Nc3 g6 3. g3 Bg7 4. Bg2 Ne7 5. d3 0-0 6. e4 d6 7. Nge2 Be6 8. Be3 c6 9. 0-0 d5 10. cxd5 cxd5 11. d4 Nbc6 12. dxe5 dxe4 13. Nxe4 Bxe5 14. N2c3 Bc4 15. Re1 Qc7 16. Qa4 Bd3 17. Nc5 Bf5 18. Nb5 Qc8 19. Rad1 a6 20. Nd6 Bxd6 21. Rxd6 Bh3 22. Bh6 Re8 23. Ne4 Bxg2 24. Nf6+ Kh8 25. Kxg2 Rd8 26. Qa3 Rxd6 27. Qxd6 Nf5 28. Qd2 Nce7 29. Bf4 Qd8 30. Qc3 Rc8 31. Qb3 Ng8 32. Qxf7 Nxf6 33. Be5 Rc6 34. Bxf6+ Rxf6 35. Re8+ Qxe8 36. Qxe8+ Kg7 37. Qe5 Nd6 38. b3 Kf7 39. Qd5+ Ke7 40. f4 b5 41. Qa8 Nf7 42. Qb7+ Kf8 43. Kf2 h5 44. Qc7 Nd6 45. Kf3 Re6 46. Qd7 Rf6 47. h3 Nf7 48. Qc8+ Kg7 49. Qc3 Ng5+ 50. Kg2 Ne4 51. Qe5 Nd6 52. g4 hxg4 53. hxg4 Kf7 54. Qd5+ Ke7 55. Kf3 Re6 56. Qc6 Ne8 57. Qb7+ Kf8 58. Qd7 Rd6 59. Qh7 Rc6 60. Qh8+ Kf7 61. Qd4 Rd6 62. Qa7+ Kf8 63. Ke4 Re6+ 64. Kd4 Nd6 65. Kd5 Re7 66. Qxa6 Ne4 67. Qxg6 Nc3+ 68. Kc5 Ne4+ 69. Kb4 Nf2 70. Qf6+ Rf7 71. Qh8+ Ke7 72. Qe5+ Kf8 73. Qc5+ Kg7 1-0

[Event "EU-ch Online U18"]
[Site "Tornelo INT"]
[Date "2020.09.19"]
[Round "6"]
[White "Kirilmaz, Emre"]
[Black "Stevanic, David"]
[Result "1/2-1/2"]
[WhiteElo "2147"]
[BlackElo "2337"]
[PlyCount "113"]
[EventDate "2020.09.18"]
[EventType "swiss (rapid)"]
[EventRounds "9"]
[EventCountry "ENG"]
[SourceTitle "CBM 198 Extra"]
[Source "ChessBase"]
[SourceDate "2020.11.30"]
[SourceVersion "1"]
[SourceVersionDate "2020.11.30"]
[SourceQuality "1"]

1. d4 Nf6 2. c3 g6 3. f3 Bg7 4. e4 d6 5. Bc4 0-0 6. Ne2 e5 7. dxe5 dxe5 8. Qxd8 Rxd8 9. Na3 a6 10. Bb3 b5 11. Be3 Bb7 12. c4 b4 13. Nc2 a5 14. Ba4 Bc6 15. Bxc6 Nxc6 16. Kf2 Rd7 17. Rhd1 Rad8 18. Rxd7 Rxd7 19. Ke1 Kf8 20. Rd1 Ke8 21. b3 Rxd1+ 22. Kxd1 Nd7 23. Bf2 Bf8 24. Kd2 Bc5 25. Bh4 f6 26. Ne3 Bxe3+ 27. Kxe3 Kf7 28. Bf2 Ke6 29. Kd3 f5 30. exf5+ gxf5 31. g4 e4+ 32. Ke3 exf3 33. Nf4+ Ke5 34. g5 Nc5 35. Kxf3 Ne4 36. Nd3+ Ke6 37. Kf4 Ne7 38. Nc5+ Nxc5 39. Bxc5 Nc6 40. h4 Ne5 41. Bd4 Nd3+ 42. Ke3 Nc1 43. h5 Kf7 44. Bb2 Nxa2 45. Kf4 Nc3 46. Kxf5 a4 47. g6+ hxg6+ 48. hxg6+ Kg8 49. bxa4 Nxa4 50. Be5 b3 51. Ke6 b2 52. Bxb2 Nxb2 53. c5 Nd3 54. Kd7 Nxc5+ 55. Kxc7 Kg7 56. Kd6 Kxg6 57. Kxc5 1/2-1/2